Changing legal environment in Latin America
محفوظ في:
| المؤلف الرئيسي: | |
|---|---|
| التنسيق: | كتاب |
| اللغة: | Undetermined |
| منشور في: |
New York
Council of the Americas
1974
|
| الموضوعات: | |
| الوسوم: |
إضافة وسم
لا توجد وسوم, كن أول من يضع وسما على هذه التسجيلة!
|
| Thư viện lưu trữ: | Trung tâm Học liệu Trường Đại học Cần Thơ |
|---|
| LEADER | 00613nam a2200205Ia 4500 | ||
|---|---|---|---|
| 001 | CTU_81263 | ||
| 008 | 210402s9999 xx 000 0 und d | ||
| 082 | |a 346.8 | ||
| 082 | |b H734/Vol.1 | ||
| 100 | |a Holland, Susan S. | ||
| 245 | 0 | |a Changing legal environment in Latin America | |
| 245 | 0 | |c Susan S. Holland, Esteban A. Ferrer | |
| 260 | |a New York | ||
| 260 | |b Council of the Americas | ||
| 260 | |c 1974 | ||
| 650 | |a Commercial law,Investments, foreign | ||
| 650 | |x Law and legislation | ||
| 650 | |z Latin america | ||
| 904 | |i Trọng Hải | ||
| 980 | |a Trung tâm Học liệu Trường Đại học Cần Thơ | ||